Statistiques concernant Écris le mot en anglais #1

Cliquez ici pour prendre le quiz!

Statistiques générales

  • Ce quiz a été pris 576 fois
    (512 depuis la dernière actualisation)
  • Le résultat moyen est 14 sur 15

Statistiques - réponses

FrançaisAnglais% Correct
LundiMonday
99%
SalutHello
96%
DimancheSunday
96%
SamediSaturday
95%
VendrediFriday
94%
MatinMorning
93%
NuitNight
93%
JeudiThursday
92%
MardiTuesday
92%
JeI
90%
ElleShe
90%
SemaineWeek
90%
Après-midiAfternoon
87%
MercrediWednesday
83%
SoirEvening
72%

Distribution des résultats

Percentile par nombre de réponses

% des personnes avec chaque résultat

Votre développement - résultats

Vous n’avez pas pris ce quiz depuis la dernière actualisation